000 00356nam a2200145Ia 4500
008 221030s9999 xx 000 0 und d
041 _aEnglish
082 _a105.23
_bSin
100 _aB. P. Singh
245 0 _aDigital Electronics
_cby B. P. Singh
260 _bDhanpat Rai Pub
_aNew Delhi
_c2001
300 _a13.69
650 _aBE Computer
942 _cBK
999 _c6945
_d6945